[Event "TuS Coswig-TuS Makkabi Berlin"]
[Site "?"]
[Date "2009.12.29"]
[Round "6.1"]
[White "Lerch, Philipp"]
[Black "Kieslich, Aaron"]
[Result "1-0"]
[WhiteElo "1903"]
[BlackElo "1700"]
[PlyCount "144"]
[EventDate "2009.??.??"]
[WhiteTeam "TuS Makkabi Berlin"]
[BlackTeam "TuS Coswig"]

1. e4 c5 2. Nf3 Nc6 3. d4 cxd4 4. Nxd4 Nf6 5. Nc3 e5 6. Ndb5 d6 7. Bg5 a6 8.
Na3 b5 9. Bxf6 gxf6 10. Nd5 Bg7 11. g3 Be6 12. Bg2 Ne7 13. Ne3 O-O 14. c3 Ra7
15. Nac2 Rd7 16. Nb4 a5 17. Nbd5 Bxd5 18. Nxd5 Nxd5 19. Qxd5 Qb6 20. O-O Rfd8
21. Rad1 Kf8 22. Rd3 Kg8 23. Rfd1 Rc7 24. Qb3 Rc5 25. Rd5 Bf8 26. Bf3 Rb8 27.
Bh5 Rb7 28. a3 Kg7 29. Qc2 b4 30. axb4 axb4 31. c4 Qc7 32. b3 Qc8 33. Qe2 Rxd5
34. Rxd5 Qe6 35. Bg4 Qe7 36. Bf5 h6 37. Qd2 Qc7 38. Qd1 Qe7 39. Kg2 Kh8 40. Qd2
Kg7 41. Rb5 Rxb5 42. cxb5 Qb7 43. Qd5 Qxd5 44. exd5 Be7 45. b6 Bd8 46. b7 Bc7
47. Kf3 Kf8 48. Ke4 Ke7 49. Kd3 Kd8 50. Kc4 Bb8 51. Kxb4 Kc7 52. Bc8 Kb6 53.
Kc4 Ka5 54. g4 Kb6 55. Kd3 f5 56. gxf5 f6 57. Ke4 Kc5 58. Bd7 Bc7 59. Bc6 Bb8
60. Kf3 Kd4 61. b4 Kd3 62. b5 Kd4 63. b6 Kd3 64. Kg4 Ke2 65. f3 Ke3 66. h4 Kf2
67. Bb5 h5+ 68. Kxh5 Kxf3 69. Kg6 e4 70. h5 e3 71. h6 e2 72. Bxe2+ Kxe2 1-0

[Event "TuS Coswig-TuS Makkabi Berlin"]
[Site "?"]
[Date "2009.12.29"]
[Round "6.2"]
[White "Linnemann, Niklas"]
[Black "Sawlin, Leonid"]
[Result "0-1"]
[WhiteElo "1577"]
[BlackElo "1785"]
[PlyCount "56"]
[EventDate "2009.??.??"]
[WhiteTeam "TuS Coswig"]
[BlackTeam "TuS Makkabi Berlin"]

1. e4 e6 2. d4 d5 3. exd5 exd5 4. Nf3 Bd6 5. Bd3 Ne7 6. O-O Nbc6 7. Nc3 Bg4 8.
Nb5 a6 9. Nxd6+ Qxd6 10. c3 O-O 11. Be2 Ng6 12. Be3 f5 13. h3 Bxf3 14. Bxf3 f4
15. Bd2 Nh4 16. Kh1 Rae8 17. Bg4 Rf6 18. Kg1 Rg6 19. Bf3 h5 20. Kh1 Rf8 21. Rg1
Nxf3 22. Qxf3 Rg5 23. Rae1 Ne7 24. Qe2 Nc8 25. Qe6+ Qxe6 26. Rxe6 Nd6 27. Re2
Ne4 28. g3 fxg3 0-1

[Event "TuS Coswig-TuS Makkabi Berlin"]
[Site "?"]
[Date "2009.12.29"]
[Round "6.3"]
[White "Lagunow, Raphael"]
[Black "Marek, Moritz"]
[Result "0-1"]
[WhiteElo "1646"]
[BlackElo "1298"]
[PlyCount "43"]
[EventDate "2009.??.??"]
[WhiteTeam "TuS Makkabi Berlin"]
[BlackTeam "TuS Coswig"]

1. e4 d5 2. exd5 Qxd5 3. Nf3 Nf6 4. Be2 Bf5 5. O-O e6 6. d4 Qd8 7. c4 Nbd7 8.
Nc3 Bd6 9. c5 Be7 10. Bf4 Nh5 11. Be3 Nhf6 12. b4 O-O 13. b5 Re8 14. a4 Rb8 15.
a5 Nf8 16. a6 b6 17. Ne5 Ra8 18. Bf3 N8d7 19. Nc6 Qc8 20. Nb4 bxc5 21. Bb7 Qd8
22. Nc6 0-1

[Event "TuS Coswig-TuS Makkabi Berlin"]
[Site "?"]
[Date "2009.12.29"]
[Round "6.4"]
[White "Zschuppe, Ludwig"]
[Black "Lagunow, Elina"]
[Result "0-1"]
[WhiteElo "1118"]
[BlackElo "1607"]
[PlyCount "50"]
[EventDate "2009.??.??"]
[WhiteTeam "TuS Coswig"]
[BlackTeam "TuS Makkabi Berlin"]

1. e4 c5 2. Nf3 Nc6 3. Nc3 g6 4. Be2 Bg7 5. d3 d6 6. Be3 Nd4 7. O-O e6 8. Rb1
Ne7 9. a3 Nec6 10. Bxd4 Nxd4 11. Nxd4 cxd4 12. Na2 Bd7 13. c4 dxc3 14. Nxc3 Rc8
15. Qb3 Bc6 16. Bf3 O-O 17. Rfd1 a6 18. Rbc1 Qa5 19. Re1 Rfd8 20. h3 Rd7 21.
Qb4 Qxb4 22. axb4 Rdc7 23. Re2 Bb5 24. Rd1 Bxc3 25. bxc3 Rxc3 0-1

[Event "BSG Chemie Leipzig-Hamburger SK"]
[Site "?"]
[Date "2009.12.29"]
[Round "6.1"]
[White "Gröning, Finn Jonathan"]
[Black "Schmücker, Felix"]
[Result "1/2-1/2"]
[WhiteElo "1731"]
[BlackElo "1745"]
[PlyCount "35"]
[EventDate "2009.??.??"]
[WhiteTeam "Hamburger SK"]
[BlackTeam "BSG Chemie Leipzig"]

1. e4 c5 2. Nf3 e6 3. d4 cxd4 4. Nxd4 a6 5. Nc3 Qc7 6. Be3 Bb4 7. Qd2 Nf6 8. f3
d5 9. Bd3 e5 10. exd5 exd4 11. Bxd4 Qe7+ 12. Kd1 O-O 13. Re1 Qd6 14. a3 Bxc3
15. Bxc3 Nxd5 16. Bb4 Qc6 17. Bxh7+ Kxh7 18. Bxf8 1/2-1/2

[Event "BSG Chemie Leipzig-Hamburger SK"]
[Site "?"]
[Date "2009.12.29"]
[Round "6.2"]
[White "Richter, Leonard"]
[Black "Sander, Jean Louis"]
[Result "1-0"]
[WhiteElo "1650"]
[BlackElo "1652"]
[PlyCount "70"]
[EventDate "2009.??.??"]
[WhiteTeam "BSG Chemie Leipzig"]
[BlackTeam "Hamburger SK"]

1. e4 c5 2. d4 cxd4 3. c3 dxc3 4. Nxc3 Nc6 5. Nf3 d6 6. Bc4 a6 7. O-O Nf6 8.
Qe2 Bg4 9. Rd1 Qb8 10. Bf4 e6 11. h3 Bxf3 12. Qxf3 Be7 13. Rac1 O-O 14. Bb3 Na5
15. Bc2 Nc4 16. b3 Na5 17. Qd3 Rd8 18. Bg5 Nc6 19. Bxf6 Bxf6 20. e5 Bxe5 21.
Qxh7+ Kf8 22. Ne4 Nb4 23. Qh8+ Ke7 24. Qh4+ Bf6 25. Nxf6 gxf6 26. Qxb4 a5 27.
Qf4 Rh8 28. Rd3 e5 29. Qf5 b5 30. Rf3 Rh6 31. Be4 Ra7 32. Rfc3 Rd7 33. Rc7 Qb6
34. Bd5 Rh4 35. Bxf7 Qxf2+ 1-0

[Event "BSG Chemie Leipzig-Hamburger SK"]
[Site "?"]
[Date "2009.12.29"]
[Round "6.3"]
[White "Kramer, Julian"]
[Black "Majuntke, Richard"]
[Result "1-0"]
[WhiteElo "1409"]
[BlackElo "1350"]
[PlyCount "83"]
[EventDate "2009.??.??"]
[WhiteTeam "Hamburger SK"]
[BlackTeam "BSG Chemie Leipzig"]

1. e4 e5 2. Nf3 Nc6 3. Bb5 Nf6 4. O-O d6 5. Re1 Be7 6. c3 O-O 7. h3 Be6 8. d4
exd4 9. cxd4 d5 10. e5 Ne4 11. Nc3 Bb4 12. Bd2 Nxd2 13. Qxd2 Qd7 14. a3 Ba5 15.
b4 Bb6 16. Na4 a6 17. Nxb6 cxb6 18. Bd3 Ne7 19. Ng5 Nf5 20. Nxe6 fxe6 21. Bxf5
Rxf5 22. Rac1 Raf8 23. f3 Rc8 24. Rxc8+ Qxc8 25. Rc1 Qd7 26. Kf2 Rf8 27. Qc3
Rf7 28. Qc8+ Qxc8 29. Rxc8+ Rf8 30. Rxf8+ Kxf8 31. g4 g5 32. f4 h6 33. fxg5
hxg5 34. Kg3 Kg7 35. a4 Kg6 36. h4 Kh6 37. hxg5+ Kxg5 38. Kh3 Kh6 39. Kh4 Kg7
40. Kg5 Kf7 41. Kh6 Kg8 42. Kg6 1-0

[Event "BSG Chemie Leipzig-Hamburger SK"]
[Site "?"]
[Date "2009.12.29"]
[Round "6.4"]
[White "Paschold, Gerry"]
[Black "Lampert, Joshua"]
[Result "0-1"]
[WhiteElo "1358"]
[BlackElo "1101"]
[PlyCount "108"]
[EventDate "2009.??.??"]
[WhiteTeam "BSG Chemie Leipzig"]
[BlackTeam "Hamburger SK"]

1. e4 e5 2. Nf3 Nc6 3. d4 exd4 4. Bc4 Bc5 5. c3 dxc3 6. Bxf7+ Kxf7 7. Qd5+ Ke8
8. Qh5+ Kf8 9. Qxc5+ d6 10. Qxc3 Qf6 11. Qc2 Bg4 12. Bg5 Qg6 13. Qd3 Nf6 14.
Nbd2 Bxf3 15. Nxf3 Qxe4+ 16. Qxe4 Nxe4 17. Bf4 Re8 18. O-O Kf7 19. Rac1 Re7 20.
Rce1 Rhe8 21. Ng5+ Nxg5 22. Rxe7+ Rxe7 23. Bxg5 Re2 24. Bc1 Nb4 25. Rd1 Nxa2
26. Bd2 Re4 27. Ra1 Ra4 28. b4 Ra3 29. Kf1 Ke6 30. Ke1 Nxb4 31. Rxa3 Nc2+ 32.
Ke2 Nxa3 33. f4 c5 34. g4 b5 35. Kd3 Nc4 36. Bc3 g6 37. h4 a5 38. Ba1 d5 39.
Kc3 b4+ 40. Kb3 h5 41. gxh5 gxh5 42. Be5 Nxe5 43. fxe5 Kxe5 44. Kc2 a4 45. Kb2
d4 46. Kc2 a3 47. Kb1 d3 48. Ka1 d2 49. Ka2 Ke4 50. Kb3 d1=Q+ 51. Kc4 a2 52.
Kb5 a1=Q 53. Kc6 Qa6+ 54. Kc7 Qdd6# 0-1

[Event "USV Volksbank Halle-TuS Makkabi Frankfur"]
[Site "?"]
[Date "2009.12.29"]
[Round "6.1"]
[White "Baskin, Robert"]
[Black "Schulte, Felix"]
[Result "1-0"]
[WhiteElo "1775"]
[BlackElo "1407"]
[PlyCount "73"]
[EventDate "2009.??.??"]
[WhiteTeam "TuS Makkabi Frankfurt a. M."]
[BlackTeam "USV Volksbank Halle"]

1. e4 d6 2. d4 Nf6 3. Nc3 g6 4. f4 Bg7 5. Nf3 O-O 6. Bd3 Bg4 7. e5 dxe5 8. dxe5
Nd5 9. Nxd5 Qxd5 10. O-O c6 11. Qe2 Nd7 12. Be3 Qa5 13. a3 Qc7 14. h3 Be6 15.
Ng5 Rfd8 16. Nxe6 fxe6 17. Bc4 Nf8 18. Rad1 Kh8 19. Rxd8 Rxd8 20. Rd1 Re8 21.
Qd2 Qc8 22. Qa5 a6 23. Qd2 b5 24. Ba2 c5 25. Qc3 c4 26. Qd4 g5 27. c3 Ng6 28.
Bb1 gxf4 29. Bxg6 hxg6 30. Bxf4 Rf8 31. Bh2 Rf5 32. Qb6 Rf8 33. Rd4 Kg8 34. Qa7
Qe8 35. Qxa6 Qf7 36. Rf4 Qe8 37. Qxe6+ 1-0

[Event "USV Volksbank Halle-TuS Makkabi Frankfur"]
[Site "?"]
[Date "2009.12.29"]
[Round "6.2"]
[White "Altstadt, Karl-Simon"]
[Black "Mager, Denis"]
[Result "0-1"]
[WhiteElo "1349"]
[BlackElo "1648"]
[PlyCount "80"]
[EventDate "2009.??.??"]
[WhiteTeam "USV Volksbank Halle"]
[BlackTeam "TuS Makkabi Frankfurt a. M."]

1. e4 e6 2. d4 b6 3. Nc3 Bb7 4. Bc4 Bb4 5. f3 Ne7 6. a3 Bxc3+ 7. bxc3 c5 8. Rb1
Ba6 9. Bxa6 Nxa6 10. Bf4 d5 11. Ne2 O-O 12. O-O Rc8 13. Re1 Qd7 14. exd5 Nxd5
15. Qd2 Qc6 16. Rbc1 Rfd8 17. Red1 Nac7 18. Bxc7 Nxc7 19. Ng3 Qa4 20. Ra1 Nb5
21. Ne2 cxd4 22. h3 h6 23. cxd4 Qxc2 24. a4 Qxd2 25. Rxd2 Nc3 26. Nxc3 Rxc3 27.
Kf2 e5 28. d5 Rc5 29. Rad1 Kf8 30. Ke3 f5 31. d6 Kf7 32. d7 Ke7 33. Rd5 Rxd5
34. Rxd5 Ke6 35. Rb5 Rxd7 36. g4 f4+ 37. Ke2 Rd4 38. a5 Rd5 39. Rxd5 Kxd5 40.
Kd3 bxa5 0-1

[Event "USV Volksbank Halle-TuS Makkabi Frankfur"]
[Site "?"]
[Date "2009.12.29"]
[Round "6.3"]
[White "Greif, Gavin"]
[Black "Geyer, Hannes"]
[Result "1-0"]
[WhiteElo "1346"]
[BlackElo "1209"]
[PlyCount "47"]
[EventDate "2009.??.??"]
[WhiteTeam "TuS Makkabi Frankfurt a. M."]
[BlackTeam "USV Volksbank Halle"]

1. e4 c5 2. c3 d5 3. exd5 Qxd5 4. Nf3 e6 5. Na3 Qd6 6. d4 Nc6 7. Nb5 Qd8 8. Bf4
Be7 9. Nc7+ Kf8 10. Nxa8 cxd4 11. Nxd4 e5 12. Nxc6 Qxd1+ 13. Rxd1 exf4 14. Nxe7
Kxe7 15. Nc7 Nf6 16. Bc4 Ng4 17. O-O Bf5 18. Nd5+ Kf8 19. Nxf4 g6 20. h3 Ne5
21. Bd5 Kg7 22. Rfe1 Nc6 23. g4 Bc2 24. Rd2 1-0

[Event "USV Volksbank Halle-TuS Makkabi Frankfur"]
[Site "?"]
[Date "2009.12.29"]
[Round "6.4"]
[White "zur Nieden, Philipp"]
[Black "Paulsen, Alexej"]
[Result "0-1"]
[WhiteElo "1079"]
[BlackElo "1411"]
[PlyCount "82"]
[EventDate "2009.??.??"]
[WhiteTeam "USV Volksbank Halle"]
[BlackTeam "TuS Makkabi Frankfurt a. M."]

1. e4 c5 2. Nf3 Nc6 3. d4 cxd4 4. Nxd4 d6 5. Be3 Nf6 6. Nc3 g6 7. Bb5 Bd7 8.
Qd2 Bg7 9. Nb3 a6 10. Be2 O-O 11. O-O b5 12. Bh6 Rc8 13. Bxg7 Kxg7 14. a3 Ne5
15. f4 Nc6 16. Rf2 Qb6 17. Raf1 Bg4 18. Bd3 Bd7 19. f5 Ng4 20. Qe2 Nxf2 21.
Rxf2 Ne5 22. Kf1 Bc6 23. h4 h5 24. Nd2 Ng4 25. Rf4 Qe3 26. Qxe3 Nxe3+ 27. Ke2
Ng4 28. b4 Ne5 29. Kd1 Bb7 30. Be2 Rxc3 31. Nb1 Rc7 32. c3 Nc4 33. Ke1 e5 34.
Rf2 Bxe4 35. Nd2 Nxd2 36. Kxd2 Bxf5 37. Rf3 Rfc8 38. Bd1 Bg4 39. Re3 Bxd1 40.
Kxd1 Rxc3 41. Rxc3 Rxc3 0-1

[Event "SK 1926 Ettlingen-SV Medizin Erfurt"]
[Site "?"]
[Date "2009.12.29"]
[Round "6.1"]
[White "Knorre, Jonas"]
[Black "Volz, Alexander"]
[Result "0-1"]
[WhiteElo "1313"]
[BlackElo "1768"]
[PlyCount "59"]
[EventDate "2009.??.??"]
[WhiteTeam "SV Medizin Erfurt"]
[BlackTeam "SK 1926 Ettlingen"]

1. e4 e5 2. Nf3 Nc6 3. Bc4 Bc5 4. c3 Nf6 5. d4 exd4 6. cxd4 Bb4+ 7. Nc3 Nxe4 8.
O-O Bxc3 9. d5 Bf6 10. Re1 Ne7 11. Rxe4 d6 12. Bg5 Bxg5 13. Nxg5 h6 14. Qe2
hxg5 15. Re1 Be6 16. dxe6 f6 17. Re3 Kf8 18. Rh3 Rxh3 19. gxh3 g6 20. Bb3 Kg7
21. Qf3 c6 22. Qc3 d5 23. Bc2 Qd6 24. Qg3 Rd8 25. h4 Qxg3+ 26. hxg3 gxh4 27.
gxh4 f5 28. Kg2 Kf6 29. Kg3 Rd6 30. Kf4 0-1

[Event "SK 1926 Ettlingen-SV Medizin Erfurt"]
[Site "?"]
[Date "2009.12.29"]
[Round "6.2"]
[White "Imgrunt, Philipp"]
[Black "Lindner, Ferdinand"]
[Result "1-0"]
[WhiteElo "1548"]
[BlackElo "1413"]
[PlyCount "95"]
[EventDate "2009.??.??"]
[WhiteTeam "SK 1926 Ettlingen"]
[BlackTeam "SV Medizin Erfurt"]

1. e4 c5 2. Nf3 Nc6 3. d4 cxd4 4. Nxd4 g6 5. Nc3 Bg7 6. Be3 Nf6 7. Be2 O-O 8.
O-O d5 9. exd5 Nxd5 10. Nxc6 bxc6 11. Bd4 Be6 12. Bxg7 Kxg7 13. Qd4+ Kg8 14.
Bf3 Qd7 15. Nxd5 cxd5 16. Rad1 Rfd8 17. c4 Rab8 18. cxd5 Bf5 19. Rd2 e6 20. g4
exd5 21. gxf5 Qxf5 22. Qg4 Qe5 23. Rfd1 Rxb2 24. Rxb2 Qxb2 25. Bxd5 Kg7 26.
Qd4+ Qxd4 27. Rxd4 Kf6 28. Rd3 Ke5 29. Bc4 Rxd3 30. Bxd3 Kd4 31. Bb5 f6 32. Kg2
Ke5 33. Kf3 f5 34. h4 h6 35. Kg3 g5 36. hxg5 hxg5 37. f4+ gxf4+ 38. Kf3 a5 39.
a4 Kd4 40. Kxf4 Kd5 41. Kxf5 Kd6 42. Ke4 Kc5 43. Ke5 Kb4 44. Kd6 Kc3 45. Kc6
Kb3 46. Kb6 Kb4 47. Ka6 Kc5 48. Kxa5 1-0

[Event "SK 1926 Ettlingen-SV Medizin Erfurt"]
[Site "?"]
[Date "2009.12.29"]
[Round "6.3"]
[White "Michels, Kim"]
[Black "Reiß, Michael"]
[Result "1-0"]
[WhiteElo "1184"]
[BlackElo "1563"]
[PlyCount "69"]
[EventDate "2009.??.??"]
[WhiteTeam "SV Medizin Erfurt"]
[BlackTeam "SK 1926 Ettlingen"]

1. c4 e5 2. Nc3 Nf6 3. g3 Nc6 4. Bg2 Be7 5. d3 O-O 6. Nf3 d5 7. cxd5 Nxd5 8.
O-O Be6 9. d4 exd4 10. Nxd4 Nxc3 11. bxc3 Nxd4 12. cxd4 c6 13. Bf4 Qd7 14. Qd2
Rfd8 15. Rab1 Qxd4 16. Qxd4 Rxd4 17. Rxb7 Rd7 18. Rb2 Rc8 19. Rfb1 f6 20. Rb8
Rdd8 21. R1b7 Rd1+ 22. Bf1 Rxb8 23. Rxb8+ Kf7 24. Kg2 Bxa2 25. Rb7 Bd5+ 26. f3
a5 27. Ra7 g5 28. Be3 Ke6 29. Rxa5 Bb4 30. Ra4 c5 31. Ra6+ Kf5 32. Bf2 Bc4 33.
e4+ Ke5 34. Bxc4 Rc1 35. Re6# 1-0

[Event "SK 1926 Ettlingen-SV Medizin Erfurt"]
[Site "?"]
[Date "2009.12.29"]
[Round "6.4"]
[White "Jülg, Julian"]
[Black "Nguyen, Huy Dat"]
[Result "0-1"]
[WhiteElo "1065"]
[BlackElo "1153"]
[PlyCount "126"]
[EventDate "2009.??.??"]
[WhiteTeam "SK 1926 Ettlingen"]
[BlackTeam "SV Medizin Erfurt"]

1. e4 c5 2. Nf3 Nc6 3. d4 cxd4 4. Nxd4 g6 5. Nc3 Bg7 6. Be3 Nf6 7. Be2 O-O 8.
O-O d5 9. exd5 Nxd5 10. Nxc6 bxc6 11. Bd4 Be6 12. Bxg7 Kxg7 13. Qd2 Kg8 14. Ne4
Nf6 15. Nxf6+ exf6 16. Qxd8 Rfxd8 17. Rfd1 Rab8 18. b3 Kf8 19. c4 Ke7 20. Rac1
Rxd1+ 21. Rxd1 Rd8 22. Rxd8 Kxd8 23. f4 Kd7 24. Kf2 Kd6 25. Ke3 Kc5 26. Bd1 Kb4
27. a4 Kc3 28. h3 Kb4 29. Kd4 c5+ 30. Kd3 Ka5 31. Kc3 Kb6 32. b4 cxb4+ 33. Kxb4
a5+ 34. Kc3 Kc5 35. g4 Bxc4 36. h4 h6 37. h5 gxh5 38. gxh5 f5 39. Bf3 Bf1 40.
Bd1 Bh3 41. Bc2 Bg4 42. Bd3 Bxh5 43. Bxf5 Bg6 44. Bd7 h5 45. Bh3 Be4 46. f5 f6
47. Kb3 Kd4 48. Bf1 Bxf5 49. Bg2 h4 50. Bf3 h3 51. Bh1 h2 52. Bg2 Be4 53. Bxe4
Kxe4 54. Kc4 h1=Q 55. Kb5 Qh5+ 56. Kb6 f5 57. Kxa5 f4+ 58. Kb6 f3 59. a5 f2 60.
a6 f1=Q 61. a7 Qf6+ 62. Kc7 Qh7+ 63. Kc8 Qf8# 0-1

[Event "SF Brackel-SK Wildeshausen"]
[Site "?"]
[Date "2009.12.29"]
[Round "6.1"]
[White "Grigorian, Spartak"]
[Black "Hümmecke, Aaron"]
[Result "1/2-1/2"]
[WhiteElo "1745"]
[BlackElo "1614"]
[PlyCount "71"]
[EventDate "2009.??.??"]
[WhiteTeam "SK Wildeshausen"]
[BlackTeam "SF Brackel"]

1. e4 e5 2. Nf3 Nc6 3. Bc4 Nf6 4. d4 exd4 5. O-O Nxe4 6. Re1 d5 7. Bxd5 Qxd5 8.
Nc3 Qh5 9. Nxe4 Be6 10. Bg5 Be7 11. Bxe7 Nxe7 12. Nxd4 Qxd1 13. Raxd1 O-O-O 14.
Nxe6 Rxd1 15. Rxd1 fxe6 16. Ng5 Nf5 17. Nxe6 Re8 18. Nf4 Nd4 19. g3 Nxc2 20. a3
Re1+ 21. Rxe1 Nxe1 22. Ne6 Nf3+ 23. Kg2 Ne5 24. b3 Nc6 25. Nxg7 Nd4 26. b4 Nc2
27. Nh5 Nxa3 28. Nf6 Nc2 29. Nxh7 Nxb4 30. Ng5 a5 31. Ne4 a4 32. Nd2 a3 33. Nb3
a2 34. h4 Kd8 35. Na1 c5 36. Kf3 1/2-1/2

[Event "SF Brackel-SK Wildeshausen"]
[Site "?"]
[Date "2009.12.29"]
[Round "6.2"]
[White "Birnkraut, Tim"]
[Black "Duchow, Julien"]
[Result "1-0"]
[WhiteElo "1673"]
[BlackElo "1515"]
[PlyCount "97"]
[EventDate "2009.??.??"]
[WhiteTeam "SF Brackel"]
[BlackTeam "SK Wildeshausen"]

1. e4 e5 2. Nf3 Nc6 3. Bc4 Nf6 4. d3 Be7 5. c3 d6 6. O-O O-O 7. Nbd2 a6 8. Re1
Na5 9. Bb3 Nxb3 10. Nxb3 Bg4 11. Bg5 h6 12. Bxf6 Bxf6 13. Qe2 Re8 14. d4 exd4
15. cxd4 a5 16. Rad1 a4 17. Nc1 c6 18. Qf1 c5 19. e5 Bxf3 20. gxf3 Bg5 21. dxc5
Bxc1 22. Rxc1 Rxe5 23. Rxe5 dxe5 24. Rd1 Qg5+ 25. Qg2 Rd8 26. Rxd8+ Qxd8 27.
Qg3 Qg5 28. Qxg5 hxg5 29. Kf1 f5 30. Ke2 Kf7 31. b4 axb3 32. axb3 Ke6 33. Kd3
Kd5 34. b4 g6 35. h3 f4 36. Kc3 e4 37. fxe4+ Kxe4 38. Kc4 Kf3 39. b5 Kxf2 40.
c6 bxc6 41. b6 f3 42. b7 Kg3 43. b8=Q+ Kxh3 44. Kd3 g4 45. Ke3 Kg2 46. Qb2+ Kg1
47. Qf2+ Kh1 48. Qg3 c5 49. Kf2 1-0

[Event "SF Brackel-SK Wildeshausen"]
[Site "?"]
[Date "2009.12.29"]
[Round "6.3"]
[White "Finke, Maurice"]
[Black "Wastian, Jan"]
[Result "1-0"]
[WhiteElo "1411"]
[BlackElo "1479"]
[PlyCount "73"]
[EventDate "2009.??.??"]
[WhiteTeam "SK Wildeshausen"]
[BlackTeam "SF Brackel"]

1. d4 d5 2. c4 e6 3. Nc3 c6 4. Nf3 Nf6 5. e3 Nbd7 6. a3 a5 7. Be2 dxc4 8. Bxc4
b5 9. Bd3 Bd6 10. O-O O-O 11. e4 e5 12. Bg5 Qc7 13. Rc1 Qb8 14. h3 exd4 15.
Nxd4 Qb6 16. Nf3 Re8 17. Re1 Bc7 18. Qc2 h6 19. Bd2 Ne5 20. Nxe5 Bxe5 21. Be3
Qb7 22. Ne2 Bd7 23. Nd4 Rac8 24. Nf3 Bd6 25. Bd4 Be7 26. Ne5 c5 27. Be3 c4 28.
Be2 Rcd8 29. Nxd7 Rxd7 30. Bf3 Qc7 31. Rcd1 Red8 32. Rxd7 Rxd7 33. Rd1 Kf8 34.
Rxd7 Qxd7 35. e5 Ne8 36. Qh7 Bh4 37. Bc5+ 1-0

[Event "SF Brackel-SK Wildeshausen"]
[Site "?"]
[Date "2009.12.29"]
[Round "6.4"]
[White "Trümper, Michael"]
[Black "Stukenborg, Rudi"]
[Result "1-0"]
[WhiteElo "1395"]
[BlackElo "1308"]
[PlyCount "85"]
[EventDate "2009.??.??"]
[WhiteTeam "SF Brackel"]
[BlackTeam "SK Wildeshausen"]

1. d4 Nf6 2. Nc3 e6 3. e4 Bb4 4. Bd3 Nc6 5. Nf3 O-O 6. O-O d5 7. e5 Nd7 8. Be3
f6 9. exf6 Nxf6 10. Bg5 Be7 11. Re1 Ne8 12. Bxe7 Qxe7 13. Nxd5 Qd6 14. Nc3 Nxd4
15. Nxd4 Qb6 16. Rb1 Kh8 17. Nf3 Nf6 18. Ne4 Nd5 19. c3 Nf4 20. Bf1 e5 21. Qb3
Qg6 22. Rbd1 Bf5 23. Ng3 Bc2 24. Nxe5 Bxb3 25. Nxg6+ Nxg6 26. axb3 Rad8 27. f3
h6 28. Kf2 Nf4 29. Ne4 Nd5 30. g3 Kh7 31. Rd3 Nb6 32. Red1 Rde8 33. Nc5 Rb8 34.
Nd7 Nxd7 35. Rxd7 c6 36. Re7 Rfd8 37. Rdd7 Rxd7 38. Rxd7 Kg6 39. h4 Kf6 40. Bh3
g6 41. f4 h5 42. Kf3 a6 43. b4 1-0

[Event "SC Forchheim-USV TU Dresden"]
[Site "?"]
[Date "2009.12.29"]
[Round "6.1"]
[White "Scholz, Robert"]
[Black "Wagner, Robert"]
[Result "1/2-1/2"]
[WhiteElo "1561"]
[BlackElo "1603"]
[PlyCount "25"]
[EventDate "2009.??.??"]
[WhiteTeam "USV TU Dresden"]
[BlackTeam "SC Forchheim"]

1. e4 {[%emt 0:00:00]} c5 2. Nc3 d6 3. Nf3 Nf6 4. Bc4 Nc6 5. d3 a6 6. a4 Bg4 7.
h3 Bxf3 8. Qxf3 g6 9. O-O Bg7 10. Bf4 O-O 11. Qe3 Nd4 12. Qd2 Qb6 13. Rab1
1/2-1/2

[Event "SC Forchheim-USV TU Dresden"]
[Site "?"]
[Date "2009.12.29"]
[Round "6.2"]
[White "Wernsdörfer, Fabio"]
[Black "Thamm, Merlin Jannes"]
[Result "0-1"]
[WhiteElo "1293"]
[BlackElo "1546"]
[PlyCount "102"]
[EventDate "2009.??.??"]
[WhiteTeam "SC Forchheim"]
[BlackTeam "USV TU Dresden"]

1. e4 c6 2. d4 d5 3. e5 Bf5 4. Nf3 e6 5. Be2 Nd7 6. O-O c5 7. c3 cxd4 8. cxd4
Ne7 9. Na3 Nc6 10. Nc2 Rc8 11. Bf4 Bxc2 12. Qxc2 Nxd4 13. Qd1 Nxe2+ 14. Qxe2
Be7 15. Rac1 O-O 16. Nd4 a6 17. Rc2 Rxc2 18. Qxc2 Qb8 19. Rc1 Bc5 20. Nf3 h6
21. a3 b5 22. b4 Bb6 23. Qc6 Qa7 24. Rc2 Rd8 25. Qc3 Qb8 26. Qd3 Rc8 27. Rxc8+
Qxc8 28. h3 Qc4 29. Qxc4 bxc4 30. Kf1 Kh7 31. Ke2 g5 32. Be3 Bxe3 33. Kxe3 Kg6
34. g4 f6 35. exf6 Kxf6 36. Kd4 Ke7 37. Nd2 Kd6 38. f3 e5+ 39. Kc3 Nb6 40. Kc2
Na4 41. Nb1 d4 42. Nd2 Kd5 43. Nb1 d3+ 44. Kd2 Kd4 45. Kd1 Nc3+ 46. Nxc3 Kxc3
47. a4 Kxb4 48. Kd2 Kxa4 49. Kc1 c3 50. Kb1 Kb3 51. Kc1 c2 0-1

[Event "SC Forchheim-USV TU Dresden"]
[Site "?"]
[Date "2009.12.29"]
[Round "6.3"]
[White "Heidelberger, Colin"]
[Black "Braun, Kristin"]
[Result "1-0"]
[WhiteElo "1508"]
[BlackElo "1335"]
[PlyCount "97"]
[EventDate "2009.??.??"]
[WhiteTeam "USV TU Dresden"]
[BlackTeam "SC Forchheim"]

1. e4 d5 2. exd5 Nf6 3. Nf3 Bg4 4. Be2 Bxf3 5. Bxf3 Nxd5 6. c4 Nf4 7. d4 e5 8.
Bxf4 Bb4+ 9. Bd2 Bxd2+ 10. Qxd2 c6 11. dxe5 Qxd2+ 12. Nxd2 Nd7 13. O-O O-O-O
14. Bg4 Rhe8 15. Bxd7+ Rxd7 16. Nf3 h6 17. Rad1 Rde7 18. Rfe1 g5 19. h3 c5 20.
Rd5 b6 21. b3 f6 22. Kf1 f5 23. g4 f4 24. Rd6 Kc7 25. Rxh6 a6 26. Rd1 Re6 27.
Rxe6 Rxe6 28. Rd6 Rxd6 29. exd6+ Kxd6 30. Ke2 b5 31. Nxg5 Ke5 32. Nf3+ Kf6 33.
Kd3 b4 34. Ke4 Ke6 35. Kxf4 Kf6 36. h4 a5 37. g5+ Kg6 38. h5+ Kh7 39. Kf5 Kg7
40. h6+ Kh7 41. Kf6 Kg8 42. g6 Kh8 43. g7+ Kg8 44. h7+ Kxh7 45. Kf7 a4 46. bxa4
b3 47. axb3 Kh6 48. g8=Q Kh5 49. Qg5# 1-0

[Event "SC Forchheim-USV TU Dresden"]
[Site "?"]
[Date "2009.12.29"]
[Round "6.4"]
[White "Bodky, Daniel"]
[Black "Gungl, Theo"]
[Result "0-1"]
[WhiteElo "1064"]
[BlackElo "1477"]
[PlyCount "50"]
[EventDate "2009.??.??"]
[WhiteTeam "SC Forchheim"]
[BlackTeam "USV TU Dresden"]

1. c4 {[%emt 0:00:00]} c6 2. Nc3 d5 3. e3 Bf5 4. d4 e6 5. Nf3 Nd7 6. Be2 Ngf6
7. O-O Be7 8. Bd3 Bxd3 9. Qxd3 O-O 10. c5 Qc7 11. g3 Rfd8 12. Re1 e5 13. e4
exd4 14. Qxd4 Bxc5 15. Qd3 dxe4 16. Nxe4 Nxe4 17. Qxe4 Re8 18. Qg4 Nf6 19.
Rxe8+ Rxe8 20. Qg5 Bxf2+ 21. Kf1 Qd7 22. Kg2 Re2 23. Ne5 Qd5+ 24. Nf3 Be3+ 25.
Kh1 Qxf3# 0-1

[Event "SC Vaterstetten-SV Ahlen 54"]
[Site "?"]
[Date "2009.12.29"]
[Round "6.1"]
[White "Huckebrink, Chris"]
[Black "Xiong, Ferdinand"]
[Result "1/2-1/2"]
[WhiteElo "1711"]
[BlackElo "1806"]
[PlyCount "52"]
[EventDate "2009.??.??"]
[WhiteTeam "SV Ahlen 54"]
[BlackTeam "SC Vaterstetten"]

1. f4 Nf6 2. Nf3 g6 3. c3 Bg7 4. d4 O-O 5. e3 d6 6. Bd3 Nc6 7. O-O Bf5 8. Bxf5
gxf5 9. Qd3 e6 10. Nbd2 Kh8 11. e4 fxe4 12. Nxe4 Ne7 13. Ng3 h6 14. f5 Qd7 15.
fxe6 fxe6 16. Re1 Rae8 17. Nh4 Nh7 18. Qe4 Ng5 19. Qxb7 Bf6 20. Qb3 e5 21. Qd1
Nh3+ 22. gxh3 Bxh4 23. Bxh6 Bxg3 24. hxg3 Qxh3 25. Bxf8 Qxg3+ 26. Kh1 Qh3+
1/2-1/2

[Event "SC Vaterstetten-SV Ahlen 54"]
[Site "?"]
[Date "2009.12.29"]
[Round "6.2"]
[White "Castell, Patrick"]
[Black "Klötzel, Eric"]
[Result "1/2-1/2"]
[WhiteElo "1374"]
[BlackElo "1190"]
[PlyCount "61"]
[EventDate "2009.??.??"]
[WhiteTeam "SC Vaterstetten"]
[BlackTeam "SV Ahlen 54"]

1. e4 d6 2. Nf3 Nf6 3. Nc3 g6 4. d4 Bg7 5. Bg5 c6 6. Bc4 b5 7. Bb3 b4 8. Bxf6
exf6 9. Ne2 O-O 10. Ng3 a5 11. Ba4 Qb6 12. O-O Bb7 13. Rb1 Na6 14. c3 c5 15. d5
Nc7 16. Nd2 Ba6 17. Re1 Bb5 18. c4 Bxa4 19. Qxa4 Rfe8 20. f4 Re7 21. Qc2 a4 22.
b3 a3 23. f5 Rae8 24. Rf1 Na6 25. Kh1 Nb8 26. Nf3 Nd7 27. Qd2 Ne5 28. Nxe5 Rxe5
29. Rbe1 Qd8 30. Re2 Rf8 31. Rfe1 1/2-1/2